Úvod do ekonomie /

Hlavní autor: Čadská, Milada, 1949-
Korporativní autor: Univerzita Karlova
Další autoři: Vařeková, Stanislava
Jazyk: Čeština
Vydáno: Praha : Karolinum, 2015
Vydání: 3. vyd.
Edice: Učební texty Univerzity Karlovy v Praze
Témata:
Fyzický popis: 73 s. ; 30 cm
Knihy
Uloženo v:
LEADER 02051nam a2200565 a 4500
001 nkc20152682254
003 CZ PrNK
005 20190305102424.0
007 ta
008 150312s2015 xr e p 000 0 cze
015 |a cnb002682254 
020 |a 978-80-246-2857-8  |q (brož.) 
035 |a (OCoLC)908821739 
040 |a ABA001  |b cze  |d OLA001 
072 7 |a 811.162.3  |x Čeština  |2 Konspekt  |9 11 
072 7 |a 37.016  |x Učební osnovy. Vyučovací předměty. Učebnice  |2 Konspekt  |9 22 
080 |a 811.162.3  |2 MRF 
080 |a 33  |2 MRF 
080 |a 81'42'373.46  |2 MRF 
080 |a 81'373.46  |2 MRF 
080 |a (075.8)  |2 MRF 
100 1 |a Čadská, Milada,  |d 1949-  |7 jo20010087054  |4 aut 
245 1 0 |a Úvod do ekonomie /  |c Milada Čadská, Stanislava Vařeková 
250 |a 3. vyd. 
260 |a Praha :  |b Karolinum,  |c 2015 
300 |a 73 s. ;  |c 30 cm 
490 1 |a Učební texty Univerzity Karlovy v Praze 
504 |a Obsahuje bibliografii 
521 8 |a Pro posluchače studijních středisek ÚJOPu UK 
550 |a Vydavatel: Univerzita Karlova v Praze 
650 0 7 |a čeština  |7 ph135292  |2 czenas 
650 0 7 |a ekonomie  |7 ph114430  |2 czenas 
650 0 7 |a odborné texty  |7 ph123679  |2 czenas 
650 0 7 |a oborová terminologie  |7 ph138998  |2 czenas 
650 0 9 |a Czech language  |2 eczenas 
650 0 9 |a economics  |2 eczenas 
650 0 9 |a professional texts  |2 eczenas 
650 0 9 |a terminology (professional)  |2 eczenas 
653 0 |a čeština jako cizí jazyk 
655 7 |a učebnice vysokých škol  |7 fd133772  |2 czenas 
655 9 |a textbooks (higher)  |2 eczenas 
700 1 |a Vařeková, Stanislava  |7 xx0028372  |4 aut 
710 2 |a Univerzita Karlova  |7 kn20010710036 
810 2 |a Univerzita Karlova.  |t Učební texty  |0 s 
910 2 |a BOA001  |b 4-1344.216 
990 |a BK 
995 |a 01 
991 |b 201503  |c NOV  |e n 
996 6 |b 2610627981  |c 4-1344.216  |l MZK  |r Sklad / do 1 hodiny  |n 1  |p p.v.  |w 001496758  |u 000010  |a 1  |e BOA001  |j MZK50  |s P 
996 7 |b 2610631022  |c 4-1344.216  |l MZK  |r Sklad / do 1 hodiny  |n 3  |p kup  |w 001496758  |u 000020  |a 1  |e BOA001  |j MZK50  |s A